| 000 | 00903nam a22002537a 4500 | ||
|---|---|---|---|
| 005 | 20170124102950.0 | ||
| 010 | _aA-440189 | ||
| 020 |
_c45.00 _a8170431573 |
||
| 035 | _aA-440189 | ||
| 037 | _bCen Lib/Ret | ||
| 040 |
_aDPL _bHN |
||
| 082 |
_aउ _bसाकीए |
||
| 100 |
_aसाकी, एस. _914217 |
||
| 245 |
_aछोटा सिंह / _cएस. साकी |
||
| 246 |
_aChhotta singh / _bby S. Saki |
||
| 260 |
_aदिल्ली _bआत्माराम एंड संस |
||
| 270 |
_bदिल्ली _aकश्मीरी गेट _e110006 |
||
| 300 |
_a125पृ. _c17सेमी (सजिल्द) |
||
| 650 |
_aहिन्दी साहित्य _951249 |
||
| 650 |
_aहिन्दी उपन्यास _951250 |
||
| 650 |
_aHindi literature _951251 |
||
| 650 |
_aHindi novel _951252 |
||
| 942 |
_2ddc _cHN _hउ _mसाकीए |
||
| 999 |
_c113235 _d113235 |
||